000
00309nam a2200133Ia 4500
008
230917s9999||||xx |||||||||||||| ||und||
040
_e
123497
_a
MAIN
041
_a
English
082
_a
361.6 G552S
100
_a
Goel, S L
245
0
_a
Serial welfare administration; V2
300
_a
386p. p.
942
_c
BK
999
_c
63291
_d
63291